| 000 | 00480nam a2200145Ia 4500 | ||
|---|---|---|---|
| 008 | 210210b2005 xxu||||| |||| 00| 0 eng d | ||
| 082 | _a371.2 MYAE | ||
| 100 | _aMYAGERI (C V). | ||
| 245 | _aEducational organisation administration and management. | ||
| 260 |
_aGadag _bVidyanidhi Prakashana _c2005 |
||
| 300 | _a558 | ||
| 650 | _aEducational Organisation Administration Management Primary Education Secondary Higher Public Instruction | ||
| 690 | _aEducation | ||
| 906 | _a060684 | ||
| 999 |
_c107675 _d107675 |
||